000 02029nam a2200325 i 4500
001 000014934
003 DO-SdBNP
005 20240509145547.0
007 ta
008 100127s2006 dr c 001 0 spa d
040 _aDO-SdBNP
_bspa
_cBNPHU
_erda
049 _aBNPD
082 4 _a922.27293
_bN925s
_222
100 1 _a Sáez , José Luis,
_d1937-
_9620
_eautor
245 1 3 _aEl doctor don Carlos Nouel /
_cJosé Luis Sáez.
264 _aSanto Domingo :
_bAmigo del Hogar,
_c2006.
300 _a282 páginas :
_bretratos ;
_c23 cm.
336 _2rdacontent
_atexto
_btxt
337 _2rdamedia
_asin mediación
_bn
338 _2rdacarrier
_avolumen
_bnc
490 _aHombres de iglesia
_v18
500 _aIncluye índice onomástico, geográfico y temático
500 _aIncluye referencias bibliográficas y notas al pie de las páginas
505 0 _aIntroducción --
_tAbogado, viudo y padre de un arzobispo --
_tBibliografía --
_tSiglas empleadas --
_tDon Carlos Rafael Nouel Pierret: político, sacerdote e historiador --
_tCarné de identidad del Can. Carlos Nouel Pierret 1833-1905 --
_tLabor histórica pionera del P. Carlos Rafael Nouel --
_tDefensor de los verdaderos restos de Colón en Santo Domingo --
_tLa parálisis y la muerte de un hombre bueno --
_tMarco histórico de la vida de Carlos Nouel --
_tSelección de cartas y otros de documentos de Carlos Nouel Pierret 1833-1905 --
_tDocumentos biográficos 1833-1905 --
_tEpistolario de Carlos Nouel con Fernando A. Meriño 1867-1903 --
_tEscritos históricos del P. Carlos Nouel --
_tReseña histórica de la Masonería en Santo Domingo 1873 --
_tCarta a Emiliano Tejera sobre los restos de Colón 20 de febrero 1878 --
_tAdvertencia a la obra de José Ma. Serra 16 de julio 1887 --
_tÍndice Onomástico.
590 _aInventariado, 2024/BT
600 1 4 _aNouel Pierret, CarlosRafael,
_d1833-1905
_xcorrespondencia, memorias, etc.
_933805
650 4 _aSacerdotes dominicanos
_xBiografías
_933806
910 _aValidado. Control de calidad. MMOLINA
942 _2ddc
_cLBS1
999 _c14514
_d14514